书目信息 |
| 题名: |
聚会,1980
|
|
| 作者: | 迪亚斯 著 ;周丽华 译 | |
| 分册: | ||
| 出版信息: | 北京 人民文学出版社 2024.08 |
|
| 页数: | 177页 | |
| 开本: | 21cm | |
| 丛书名: | 短经典精选 | |
| 单 册: | ||
| 中图分类: | I712.45 | |
| 科图分类: | ||
| 主题词: | 短篇小说--小说集--美国--现代 | |
| 电子资源: | ||
| ISBN: | 978-7-02-018794-2 | |
| 000 | 00910oam2 2200277 450 | |
| 001 | 012719839 | |
| 005 | 20251022145413.97 | |
| 010 | @a978-7-02-018794-2@dCNY59.00 | |
| 100 | @a20240906d2024 em y0chiy0120 ea | |
| 101 | 1 | @achi@ceng |
| 102 | @aCN@b110000 | |
| 105 | @ay z 000ay | |
| 106 | @ar | |
| 200 | 1 | @a聚会,1980@9ju hui,1980@dDrown@f(美)朱诺·迪亚斯(Junot Diaz)著@g周丽华译@zeng |
| 210 | @a北京@c人民文学出版社@d2024.08 | |
| 215 | @a177页@d21cm | |
| 225 | 1 | @a短经典精选 |
| 330 | @a本书收录《伊斯莱尔》《坚持》《如何约会一个棕女孩、黑女孩、白女孩或混血女孩》等十个短篇故事。 | |
| 461 | 0 | @12001 @a短经典精选 |
| 510 | 1 | @aDrown@zeng |
| 606 | 0 | @a短篇小说@x小说集@y美国@z现代 |
| 690 | @aI712.45@v5 | |
| 701 | 0 | @c(美)@a迪亚斯@9di ya si@c(Diaz, Junot@f1968-)@4著 |
| 702 | 0 | @a周丽华@9zhou li hua@4译 |
| 801 | 0 | @aCN@c20250909 |
| 905 | @a河南城建学院图书馆@dI712.45@eD376-2@ZD376-2@f1 | |
| 聚会,1980=Drown/(美)朱诺·迪亚斯(Junot Diaz)著/周丽华译.-北京:人民文学出版社,2024.08 |
| 177页;21cm.-(短经典精选) |
| ISBN 978-7-02-018794-2:CNY59.00 |
| 本书收录《伊斯莱尔》《坚持》《如何约会一个棕女孩、黑女孩、白女孩或混血女孩》等十个短篇故事。 |
| ● |
| 相关链接 |
|
|
|
正题名:聚会,1980
索取号:I712.45/D376-2
 
预约/预借
| 序号 | 登录号 | 条形码 | 馆藏地/架位号 | 状态 | 备注 |
| 1 | 1633012 | 216330129 | 文学库116/116文学库 26排4列5层/ [索取号:I712.45/D376-2] | 在馆 |